Major Cities in Each US State - Statistics

General Stats
  • This quiz has been taken 95 times
    90 since last reset
  • The average score is 88 of 122
Answer Stats
State Largest city 2nd-largest city Capital city % Correct
Miami
100%
Los Angeles
99%
Arizona Phoenix Tucson Phoenix
97%
Georgia Atlanta Columbus Atlanta
96%
Chicago
96%
Colorado Denver Colorado Springs Denver
95%
Hawaii Honolulu East Honolulu Honolulu
95%
New York City
95%
Detroit
92%
Indiana Indianapolis Fort Wayne Indianapolis
92%
Las Vegas
92%
California Los Angeles San Diego Sacramento
92%
Massachusetts Boston Worcester Boston
91%
Mississippi Jackson Gulfport Jackson
91%
Alaska Anchorage Fairbanks Juneau
91%
Florida Jacksonville Miami Tallahassee
91%
Texas Houston San Antonio Austin
90%
Ohio Columbus Cleveland Columbus
90%
Kansas City
90%
Oklahoma Oklahoma City Tulsa Oklahoma City
90%
San Diego
90%
New York New York City Hempstead Albany
88%
Houston
88%
Arkansas Little Rock Fayetteville Little Rock
88%
Minneapolis
88%
Tennessee Nashville Memphis Nashville
88%
Philadelphia
88%
Idaho Boise Meridian Boise
87%
Alabama Huntsville Birmingham Montgomery
87%
New Orleans
87%
Utah Salt Lake City West Valley City Salt Lake City
87%
Seattle
87%
Portland
86%
Minnesota Minneapolis Saint Paul Saint Paul
86%
Anchorage
84%
Baltimore
84%
Louisiana New Orleans Baton Rouge Baton Rouge
84%
Milwaukee
84%
Illinois Chicago Aurora Springfield
84%
Cleveland
83%
Iowa Des Moines Cedar Rapids Des Moines
83%
Jacksonville
83%
Wisconsin Milwaukee Madison Madison
83%
Rhode Island Providence Warwick Providence
83%
Albuquerque
82%
Charlotte
82%
Connecticut Bridgeport Stamford Hartford
82%
Michigan Detroit Grand Rapids Lansing
82%
Nebraska Omaha Lincoln Lincoln
82%
Virginia Virginia Beach Chesapeake Richmond
82%
San Antonio
82%
Wyoming Cheyenne Casper Cheyenne
81%
North Carolina Charlotte Raleigh Raleigh
81%
Birmingham
79%
West Virginia Charleston Huntington Charleston
79%
Memphis
79%
Maine Portland Lewiston Augusta
78%
Nevada Las Vegas Henderson Carson City
78%
Delaware Wilmington Dover Dover
78%
Washington Seattle Spokane Olympia
78%
Omaha
78%
Pittsburgh
78%
Oregon Portland Eugene Salem
78%
New Mexico Albuquerque Las Cruces Santa Fe
78%
New Jersey Newark Jersey City Trenton
78%
Maryland Baltimore Frederick Annapolis
77%
North Dakota Fargo Bismarck Bismarck
77%
Montana Billings Missoula Helena
77%
Saint Louis
77%
Tucson
77%
Colorado Springs
75%
Pennsylvania Philadelphia Pittsburgh Harrisburg
75%
South Carolina Charleston Columbia Columbia
74%
Kentucky Louisville Lexington Frankfort
74%
Louisville
74%
Vermont Burlington South Burlington Montpelier
74%
Kansas Wichita Overland Park Topeka
74%
Tulsa
74%
New Hampshire Manchester Nashua Concord
73%
Newark
71%
Fairbanks
70%
Missouri Kansas City Saint Louis Jefferson City
70%
South Dakota Sioux Falls Rapid City Pierre
69%
Sioux Falls
69%
Virginia Beach
69%
Wichita
69%
Billings
68%
Spokane
68%
Jersey City
66%
Lexington
62%
Manchester
62%
Fargo
61%
Bridgeport
60%
Grand Rapids
60%
Fort Wayne
58%
Huntsville
58%
Burlington
57%
Worcester
57%
Henderson
56%
Wilmington
56%
Eugene
53%
Fayetteville
53%
Casper
47%
Chesapeake
45%
Las Cruces
45%
Aurora
44%
Stamford
43%
Rapid City
42%
Cedar Rapids
40%
Nashua
40%
Missoula
39%
Overland Park
36%
Huntington
34%
Gulfport
31%
Meridian
29%
West Valley City
27%
Frederick
26%
Warwick
26%
East Honolulu
23%
Lewiston
23%
South Burlington
21%
Hempstead
12%
No matching quizzes found
Score Distribution
Percent of People with Each Score
Percentile by Number Answered
Your Score History
You have not taken this quiz since the last reset